=LDR 00000nam 2200000 4500 =001 INLIS000000000028459 =005 20130612130749 =008 ***********************************Ind** =035 ##$$0010-061300000028459 =041 ##$$a Ind =082 ##$$a 330.072 =090 ##$$a 330.072, Ari m =100 ##$$a Arief, Sritua =245 ##$$a Metodologi penelitian ekonomi, Sritua Arief =260 ##$$a 1993 $b Jakarta =300 ##$$a 317 hlm, 21 cm =650 ##$$a Ekonomi Penelitian =850 ##$$a NBPNMAT =990 ##$$a 0001/BPAP-NTB/2015